Obetavosťou a disciplínou čelia mrazu Všade sa žiada zvýšené úsilie a zodpovedný prístup ; Alfonz Bednarič, Ján Dulin, Ján Markovič, Miroslav Ruttkay, Dominik Matušinský, Eduard Fašung, Vojtech Veselý, Jana Drobová

Bibliographic Details
Main Authors: Bednarič, Alfonz (Author), Dulin, Ján (Author), Markovič, Ján (Author), Ruttkay, Miroslav (Author), Matušinský, Dominik (Author), Fašung, Eduard (Author), Veselý, Vojtech (Author), Drobová, Jana (Author)
Format: Article
Language:Slovak
Subjects:

MARC

LEADER 00000nab a2200000 a 4500
001 vtls000017400
003 SK-MaSNL
005 20260303030900.0
008 160211c1979 xo 0 slo
015 |a SNBRB19rr/mm-uuuuu 
035 |a CL0027494 
040 |a SNKBUCL  |b slo  |c SNKBUCL  |e AACR2 
041 0 |a slo 
044 |a xo  |c SK 
080 |a 620.9  |2 1981 
245 0 0 |a Obetavosťou a disciplínou čelia mrazu  |b Všade sa žiada zvýšené úsilie a zodpovedný prístup ; Alfonz Bednarič, Ján Dulin, Ján Markovič, Miroslav Ruttkay, Dominik Matušinský, Eduard Fašung, Vojtech Veselý, Jana Drobová 
650 0 7 |a energetika  |2 snkbucl  |9 3680 
655 7 |a články z novín a časopisov  |2 snkbucl  |9 267496 
700 1 |a Bednarič, Alfonz  |4 aut  |9 575158 
700 1 |a Dulin, Ján  |4 aut  |9 274646 
700 1 |a Markovič, Ján  |4 aut  |9 423021 
700 1 |a Ruttkay, Miroslav  |4 aut  |9 269524 
700 1 |a Matušinský, Dominik  |4 aut  |9 941739 
700 1 |a Fašung, Eduard  |4 aut  |9 270365 
700 1 |a Veselý, Vojtech  |4 aut  |9 450705 
700 1 |a Drobová, Jana  |4 aut  |9 481783 
773 0 |t Pravda  |g Roč. 60, č. 7 (9. 1. 1979), s. 1 a 2 
850 |a Slovenská národná knižnica v Martine  |a MTA001 
852 |a SNK  |b KIS3GCP 
958 |a RK 
992 |a RBX 
999 |c 1654708  |d 1656638